00291nam a22001097a 4500020001800000082001700018100003000035245006900065250000800134260003000142300000900172 a0-471-85291-0 a513.93 MIZ'M aSULLIVAN, M, MIZRAHI, ABE aMATHEMATICS FOR BUSINESS ANS SCHOOL SCIENCE, AN APPLIED APPROACH a4TH aNEWYORKbJOHN WILEYc1988 a875P